College by City- Part 1 - Statistics

General Stats
  • This quiz has been taken 37 times
  • The average score is 11 of 15
Answer Stats
City State Answer % Correct
Gainesville Florida Florida
89%
Durham North Carolina Duke
86%
Cambridge Massachusetts Harvard
83%
South Bend Indiana Notre Dame
83%
Provo Utah Brigham Young
80%
Evanston Illinois Northwestern
80%
Manhattan Kansas Kansas State
77%
Corvallis Oregon Oregon State
77%
Palo Alto California Stanford
77%
West Point New York Army
74%
New Brunswick New Jersey Rutgers
74%
Fort Worth Texas Texas Christian
71%
Chestnut Hill Massachusetts Boston College
63%
Spokane Washington Gonzaga
60%
Williamsburg Virginia William & Mary
49%
No matching quizzes found
Score Distribution
Percent of People with Each Score
Percentile by Number Answered
Your Score History
You have not taken this quiz